[Event "Tournoi Skype 031B"]
[Site "Skype"]
[Date "????.??.??"]
[Round "4.38"]
[White "Nontsikelelo, Yvonne"]
[Black "Vargas, Elvin"]
[Result "1/2-1/2"]
[WhiteElo "1044"]
[BlackElo "1000"]
[PlyCount "73"]

1. e4 e5 2. Nf3 Nc6 3. Bb5 Nf6 4. d3 Bc5 5. Bxc6 dxc6 6. Nxe5 Qe7 7. Nf3 Ng4 8.
d4 Qxe4+ 9. Qe2 Qxe2+ 10. Kxe2 Bxd4 11. Nxd4 O-O 12. f3 Re8+ 13. Kd1 Nf2+ 14.
Kd2 Nxh1 15. Nc3 c5 16. Ndb5 Re7 17. Ne4 Bf5 18. Nxc5 Rd8+ 19. Nd3 a6 20. g4
Bg6 21. Na3 b5 22. Kc3 Bxd3 23. cxd3 Nf2 24. d4 Nd1+ 25. Kd3 c5 26. Nc2 Rxd4+
27. Nxd4 cxd4 28. Kxd4 Rd7+ 29. Kc5 f6 30. Kc6 Re7 31. Bd2 Nxb2 32. Re1 Rxe1
33. Bxe1 Nd3 34. Ba5 g5 35. Kb6 Nc1 36. Kxa6 Nxa2 37. Kxb5 1/2-1/2

[Event "Tournoi Skype 031B"]
[Site "Skype"]
[Date "????.??.??"]
[Round "4.39"]
[White "Farfallini, Michel"]
[Black "Chamorro Cajina, Ivan Antonio"]
[Result "0-1"]
[WhiteElo "1446"]
[BlackElo "1045"]
[PlyCount "90"]

1. e4 d6 2. d4 g6 3. Bf4 Bg7 4. Nf3 f6 5. c3 e5 6. Bg3 Bg4 7. Nbd2 d5 8. Qc2
dxe4 9. Qxe4 Bf5 10. Qxb7 Nd7 11. Qd5 Ne7 12. Qc4 Nb6 13. Qb3 Rb8 14. Bb5+ Bd7
15. Bxd7+ Qxd7 16. O-O Qd8 17. Qc2 Nf5 18. Rae1 O-O 19. dxe5 fxe5 20. Bxe5 Bxe5
21. Nxe5 Qd6 22. Ndf3 Rfe8 23. Rd1 Qf6 24. Qb3+ Kg7 25. Nd7 Nxd7 26. Rxd7+ Kh6
27. Qc2 Rb7 28. Qd2+ g5 29. Re1 Nd6 30. Rxe8 Nxe8 31. h4 Qf5 32. hxg5+ Kh5 33.
Rxh7+ Qxh7 34. Ne5 Qb1+ 35. Kh2 Rxb2 36. Qd7 Kxg5 37. Qg4+ Kf6 38. Qf4+ Ke6 39.
Qe3 Rxa2 40. Nf3+ Kd7 41. Qd4+ Nd6 42. Ne5+ Kc8 43. Qd5 Rxf2 44. Qa8+ Qb8 45.
Qxb8+ Kxb8 0-1

[Event "Tournoi Skype 031B"]
[Site "Skype"]
[Date "????.??.??"]
[Round "4.41"]
[White "Gerbaux, Regis"]
[Black "Rodriguez, Nathalie"]
[Result "0-1"]
[WhiteElo "1024"]
[BlackElo "1224"]
[PlyCount "43"]

1. c4 Nf6 2. g3 Nc6 3. e3 e5 4. Bg2 d6 5. h3 Be7 6. Ne2 Bf5 7. Nbc3 a6 8. d4
exd4 9. exd4 d5 10. a3 dxc4 11. d5 Ne5 12. Nf4 Nd3+ 13. Nxd3 Bxd3 14. Bf1 Bxf1
15. Kxf1 Qd7 16. Kg2 c6 17. dxc6 Qxc6+ 18. f3 Rd8 19. Qe2 Rd3 20. Re1 O-O 21.
Rf1 Bc5 22. Bg5 0-1

[Event "Tournoi Skype 031B"]
[Site "Skype"]
[Date "????.??.??"]
[Round "4.42"]
[White "Jacinto Sebastian, Carlos Ivan"]
[Black "Gomez Caballero, Blas"]
[Result "0-1"]
[WhiteElo "1003"]
[BlackElo "1215"]
[PlyCount "56"]

1. d4 d5 2. Nf3 Nc6 3. h3 h6 4. e3 a6 5. Bd3 Nf6 6. O-O e6 7. Nh2 e5 8. Re1 e4
9. Be2 Bd6 10. b3 h5 11. c4 Bxh2+ 12. Kxh2 Qd6+ 13. g3 Be6 14. c5 Qd7 15. Nd2
Bxh3 16. Rh1 O-O-O 17. Nb1 Bg4 18. f3 exf3 19. Bf1 Ne4 20. Bd3 Nf2 21. Qe1 Nxh1
22. Qxh1 h4 23. Kg1 f2+ 24. Kxf2 hxg3+ 25. Kg2 Rxh1 26. Kxh1 Bf3+ 27. Kg1 Qh3
28. a4 Qg2# 0-1

[Event "Tournoi Skype 031B"]
[Site "Skype"]
[Date "????.??.??"]
[Round "4.43"]
[White "Alverson, Ginny"]
[Black "Huerta Lopez, Cesar Rogelio"]
[Result "1/2-1/2"]
[WhiteElo "1000"]
[BlackElo "1207"]
[PlyCount "53"]

1. Nf3 d5 2. d4 e6 3. e3 Be7 4. Bd3 Nf6 5. O-O Nc6 6. Nbd2 O-O 7. c3 b6 8. Qc2
g6 9. Re1 Ne4 10. Nxe4 dxe4 11. Bxe4 Bf6 12. Bxc6 Rb8 13. Be4 Bb7 14. Bxb7 Rxb7
15. e4 c5 16. e5 Bg7 17. dxc5 bxc5 18. Qe4 Rd7 19. Be3 Qc7 20. b4 c4 21. Ng5
Bxe5 22. Nf3 Bxc3 23. Rac1 Bxe1 24. Nxe1 c3 25. Bh6 Rfd8 26. Bf4 Qc8 27. Nc2
1/2-1/2

[Event "Tournoi Skype 031B"]
[Site "Skype"]
[Date "????.??.??"]
[Round "4.44"]
[White "Alcaraz Acosta, Luisa Montserrat"]
[Black "Milanese, Serge"]
[Result "0-1"]
[WhiteElo "1000"]
[BlackElo "1202"]
[PlyCount "85"]

1. e4 e5 2. Nf3 Nc6 3. Bb5 a6 4. Ba4 b5 5. Bb3 d6 6. d3 h6 7. c3 Nf6 8. Nbd2
Be7 9. h3 O-O 10. O-O Be6 11. Bc2 d5 12. Re1 d4 13. Nf1 Qd7 14. Bd2 a5 15. Ng3
Nh7 16. cxd4 exd4 17. Bf4 Nb4 18. Nf5 Bf6 19. e5 Bxf5 20. e6 fxe6 21. Bb3 Nd5
22. Bxc7 Nxc7 23. Rc1 Nd5 24. Ne5 Bxe5 25. Rxe5 Nf4 26. Bxe6+ Bxe6 27. Qf3 Ng6
28. Qe4 Nxe5 29. Qxe5 Qf7 30. f4 Qxf4 31. Qxe6+ Kh8 32. Re1 Rae8 33. Qxe8 Rxe8
34. Rxe8+ Nf8 35. g3 Qxg3+ 36. Kh1 Qxh3+ 37. Kg1 Qf5 38. Kg2 Kh7 39. a3 a4 40.
Rb8 Ng6 41. b4 Nh4+ 42. Kg3 Qe5+ 43. Kg4 0-1

[Event "Tournoi Skype 031B"]
[Site "Skype"]
[Date "????.??.??"]
[Round "4.45"]
[White "Baratta, Giuseppe"]
[Black "Yepez, German"]
[Result "1-0"]
[WhiteElo "1000"]
[BlackElo "1171"]
[PlyCount "47"]

1. d4 d5 2. Bf4 Nf6 3. Nc3 c6 4. e3 g6 5. Nf3 Bg7 6. Bd3 Nbd7 7. O-O O-O 8. Ne5
Nh5 9. Ng4 Re8 10. Ne2 e5 11. dxe5 Nxe5 12. Nxe5 Bxe5 13. Bxe5 Rxe5 14. Nf4 Qf6
15. Qf3 Nxf4 16. exf4 h5 17. fxe5 Qxe5 18. Rae1 Qg5 19. h3 Qh4 20. Re8+ Kg7 21.
Rfe1 Be6 22. Rxa8 g5 23. Rxe6 fxe6 24. Qf8# 1-0

[Event "Tournoi Skype 031B"]
[Site "Skype"]
[Date "????.??.??"]
[Round "4.46"]
[White "Ortis, Yves"]
[Black "Achicanoy, Yolanda"]
[Result "0-1"]
[WhiteElo "1147"]
[BlackElo "1000"]
[PlyCount "156"]

1. f4 d5 2. e3 Nf6 3. h3 Bf5 4. Nf3 h6 5. g4 Bd7 6. c3 Ne4 7. Rg1 h5 8. d3 Nf6
9. g5 Ng8 10. Ne5 e6 11. d4 Ne7 12. Nd2 Nf5 13. Ndf3 f6 14. Nxd7 Qxd7 15. Bd3
Nc6 16. a3 O-O-O 17. Qc2 g6 18. gxf6 Qf7 19. Ne5 Qxf6 20. Nxc6 Qh4+ 21. Kd2
Qf2+ 22. Be2 Qxe3+ 23. Ke1 Qxg1+ 24. Bf1 Qg3+ 25. Qf2 Qxf2+ 26. Kxf2 bxc6 27.
Ba6+ Kd7 28. Bd2 Be7 29. Ke2 Ng3+ 30. Kd3 Rhg8 31. c4 Ke8 32. b4 Nf5 33. c5 Bf6
34. b5 Bxd4 35. Rc1 Rb8 36. a4 e5 37. Ba5 exf4 38. Bxc7 Rc8 39. Bxc8 Be3 40.
Rb1 Ne7 41. Bb7 Bxc5 42. bxc6 g5 43. Be5 g4 44. c7 gxh3 45. Bc6+ Kf7 46. Bd7
Rg3+ 47. Kc2 Rg2+ 48. Kd3 Rg3+ 49. Kc2 Rg2+ 50. Kb3 Rg3+ 51. Bc3 d4 52. Kc4
Rxc3+ 53. Kb5 Nd5 54. c8=Q Nf6 55. Be6+ Kg6 56. Bf5+ Kg5 57. Rg1+ Kh4 58. Qc6
Rb3+ 59. Kc4 Rc3+ 60. Kb5 Rb3+ 61. Kxc5 Rc3+ 62. Kd6 Rxc6+ 63. Kxc6 h2 64. Rf1
Kg3 65. Rd1 h4 66. Rd3+ f3 67. Rxd4 h1=Q 68. Kb5 Qb1+ 69. Kc6 Qxf5 70. Kb7 Qe6
71. Kxa7 Qe7+ 72. Kb6 Qe6+ 73. Ka7 Qe7+ 74. Kb6 Qe5 75. Rd1 Qe3+ 76. Kb7 f2 77.
Kc6 Qf3+ 78. Kd6 Qxd1+ 0-1

[Event "Tournoi Skype 031B"]
[Site "Skype"]
[Date "????.??.??"]
[Round "4.47"]
[White "Reese, Evan"]
[Black "Cassano, Mariangela"]
[Result "1-0"]
[WhiteElo "1114"]
[BlackElo "1000"]
[PlyCount "63"]

1. e4 e5 2. g3 Nf6 3. Bg2 c5 4. Nc3 d6 5. Nge2 a6 6. O-O Nbd7 7. d3 b6 8. Nd5
Bb7 9. c4 g6 10. Be3 Be7 11. Nec3 O-O 12. Qf3 b5 13. cxb5 axb5 14. Nxb5 Ba6 15.
a4 Rb8 16. Nxf6+ Bxf6 17. b3 Bg7 18. Rad1 Bxb5 19. axb5 Rxb5 20. Rb1 Re8 21.
Qg4 Re7 22. Bg5 Nf6 23. Qh4 h6 24. Bxf6 Bxf6 25. Qxf6 Re8 26. f4 Qxf6 27. f5
Rbb8 28. fxg6 fxg6 29. Rxf6 Kh8 30. Rxg6 Re6 31. Rxe6 h5 32. Re7 1-0

[Event "Tournoi Skype 031B"]
[Site "Skype"]
[Date "????.??.??"]
[Round "4.48"]
[White "Colangelo, Michele"]
[Black "Lai, Mattia"]
[Result "1-0"]
[WhiteElo "1108"]
[BlackElo "1000"]
[PlyCount "97"]

1. e4 c6 2. d4 d5 3. Nf3 Nf6 4. Nc3 Nbd7 5. exd5 cxd5 6. Bg5 h6 7. Bxf6 Nxf6 8.
Ne5 Be6 9. h3 Nd7 10. Bb5 Qc7 11. O-O g6 12. Qf3 Bg7 13. Nxd5 Bxd5 14. Bxd7+
Kf8 15. Qxd5 Bxe5 16. dxe5 e6 17. Qb5 a6 18. Qd3 Kg7 19. Rfe1 Rhf8 20. Rad1 Kg8
21. Re4 Rad8 22. Rd4 Qxe5 23. Ba4 Rxd4 24. Qxd4 Qc7 25. c3 e5 26. Qd7 Qxd7 27.
Rxd7 f5 28. Rxb7 f4 29. Bb3+ Kh8 30. Rf7 Rxf7 31. Bxf7 g5 32. c4 Kg7 33. Bh5 e4
34. Kf1 Kf6 35. Ke2 g4 36. Bxg4 Kg5 37. c5 h5 38. Be6 Kh4 39. c6 f3+ 40. gxf3
exf3+ 41. Kxf3 a5 42. c7 a4 43. c8=Q Kg5 44. Qd8+ Kh6 45. Kf4 h4 46. Qg5+ Kh7
47. Kf5 a3 48. Qg6+ Kh8 49. Qg8# 1-0

[Event "Tournoi Skype 031B"]
[Site "Skype"]
[Date "????.??.??"]
[Round "4.49"]
[White "Bolanos Ocampo, Sandra"]
[Black "Lecluyse, Koenraad"]
[Result "0-1"]
[WhiteElo "1000"]
[BlackElo "1096"]
[PlyCount "78"]

1. d4 d5 2. Nf3 Nc6 3. Nc3 Nf6 4. e3 Bg4 5. h3 Bh5 6. g4 Bg6 7. Bd2 e6 8. Qe2
Bd6 9. Qb5 Qc8 10. Na4 a6 11. Qb3 b5 12. Nc3 O-O 13. h4 Na5 14. Nxb5 Nxb3 15.
cxb3 axb5 16. Ng5 Nxg4 17. h5 Be4 18. Rh4 Nf6 19. Bxb5 c6 20. Bf1 c5 21. Rc1
Rxa2 22. Bc3 Qb7 23. Be2 Qxb3 24. f3 Bf5 25. h6 g6 26. dxc5 Bxc5 27. Kd2 Qb6
28. Rc2 Bxe3+ 29. Ke1 Ra1+ 30. Bd1 Bxg5 31. Rh1 Bxc2 32. Ke2 Qe3+ 33. Kf1 Rxd1+
34. Kg2 Qe2+ 35. Kg3 Rxh1 36. f4 Rg1+ 37. Kh3 Bxf4 38. Bxf6 Qg2+ 39. Kh4 Rh1#
0-1

[Event "Tournoi Skype 031B"]
[Site "Skype"]
[Date "????.??.??"]
[Round "4.50"]
[White "Koohnavard, Neda"]
[Black "Marin Gomez, Ian Javier"]
[Result "1/2-1/2"]
[WhiteElo "1094"]
[BlackElo "1000"]
[PlyCount "63"]

1. e4 e5 2. Nf3 Nc6 3. Bb5 Bd6 4. Nc3 a6 5. Bc4 Nf6 6. d3 h6 7. O-O O-O 8. Be3
Re8 9. h3 Qe7 10. Nh4 Bc5 11. Ng6 Qd6 12. Qf3 Bxe3 13. fxe3 Kh7 14. Nh4 Qe7 15.
Qg3 d6 16. Nf5 Bxf5 17. Rxf5 g6 18. Rxf6 Qxf6 19. Nd5 Qd8 20. Rf1 Rf8 21. Nf6+
Kg7 22. Nh5+ Kh7 23. Rxf7+ Rxf7 24. Bxf7 Ne7 25. Nf4 exf4 26. Qxf4 Qf8 27. Bd5
Nxd5 28. exd5 Qg7 29. c3 c6 30. Qxd6 cxd5 31. Qxd5 Rf8 32. e4 1/2-1/2

[Event "Tournoi Skype 031B"]
[Site "Skype"]
[Date "????.??.??"]
[Round "4.51"]
[White "Bosetti, Giancarlo"]
[Black "Jimenez Del Rosario, Alsis Raynely"]
[Result "0-1"]
[WhiteElo "1000"]
[BlackElo "1093"]
[PlyCount "80"]

1. e4 e5 2. d4 Bd6 3. dxe5 Bxe5 4. Nf3 Nc6 5. Nxe5 Nxe5 6. Nc3 Nf6 7. Bg5 O-O
8. f4 Ng6 9. e5 Re8 10. Nd5 Nxe5 11. Nxf6+ gxf6 12. Bh4 Nf3+ 13. Kf2 Nxh4 14.
Qg4+ Ng6 15. f5 d6 16. Bd3 Kh8 17. Rhf1 Ne5 18. Qf4 Nxd3+ 19. cxd3 Re5 20. g4
Qg8 21. d4 Re7 22. Rg1 Qg5 23. Qxg5 fxg5 24. d5 f6 25. Rac1 b5 26. b4 Bb7 27.
Rgd1 a5 28. a3 axb4 29. axb4 Ra2+ 30. Kf1 Rxh2 31. Re1 Rxe1+ 32. Rxe1 Rh1+ 33.
Kf2 Rxe1 34. Kxe1 Bxd5 35. Kd2 c5 36. bxc5 dxc5 37. Kc3 b4+ 38. Kb2 c4 39. Kc2
b3+ 40. Kb2 Bf3 0-1

[Event "Tournoi Skype 031B"]
[Site "Skype"]
[Date "????.??.??"]
[Round "4.52"]
[White "Mfengu, Daluthando"]
[Black "Ricord, Gerardo"]
[Result "1-0"]
[WhiteElo "1082"]
[BlackElo "1000"]
[PlyCount "145"]

1. e4 e5 2. Nf3 Nc6 3. Bc4 Bc5 4. O-O Nf6 5. Ng5 O-O 6. d3 h6 7. Nf3 a6 8. Nxe5
Nxe5 9. Bd5 Nxd5 10. exd5 d6 11. d4 Ba7 12. dxe5 dxe5 13. Nc3 Re8 14. Re1 Qf6
15. Be3 Bd7 16. Qf3 Qg6 17. Qg3 Qxg3 18. hxg3 Bf5 19. Rac1 b5 20. Bxa7 Rxa7 21.
b4 f6 22. f3 Rb7 23. g4 Bh7 24. Ne2 e4 25. Nd4 Rbb8 26. Ne6 exf3 27. gxf3 f5
28. gxf5 Bxf5 29. c3 Bxe6 30. dxe6 Re7 31. Rcd1 Rbe8 32. Kf2 Rxe6 33. Rxe6 Rxe6
34. Rd8+ Kh7 35. Rd7 Rc6 36. Rd3 Rg6 37. Rd7 Rc6 38. Rd3 h5 39. Kg3 Rg6+ 40.
Kh4 Kh6 41. Rd5 Kh7 42. Rxh5+ Kg8 43. Rc5 Rg1 44. Rxc7 g5+ 45. Kh3 Rf1 46. Kg2
Rd1 47. c4 Rd2+ 48. Kg3 Rxa2 49. cxb5 axb5 50. Rb7 Rb2 51. Rxb5 Rb3 52. Rxg5+
Kf7 53. b5 Kf6 54. Kg4 Ke6 55. f4 Kd6 56. Rg6+ Kc5 57. Rg8 Rxb5 58. Rg5+ Kc6
59. Rxb5 Kxb5 60. f5 Kc5 61. f6 Kd6 62. Kf5 Kd7 63. Kg6 Ke6 64. Kg7 Kd7 65. f7
Ke7 66. f8=Q+ Ke6 67. Qf5+ Kd6 68. Kf6 Kc6 69. Ke7 Kc7 70. Qe6 Kb7 71. Kd8 Ka7
72. Kc7 Ka8 73. Qa6# 1-0

[Event "Tournoi Skype 031B"]
[Site "Skype"]
[Date "????.??.??"]
[Round "4.54"]
[White "Wildt, Gerti"]
[Black "Samudio Villarreal, Eduardo"]
[Result "1-0"]
[WhiteElo "1067"]
[BlackElo "1000"]
[PlyCount "73"]

1. d4 d5 2. Nf3 Nf6 3. Bg5 h6 4. Bf4 Ng4 5. Nbd2 Bf5 6. c3 e6 7. e3 Bd6 8. Be2
Nd7 9. Bxd6 cxd6 10. O-O O-O 11. Qb3 Qc7 12. Nh4 Bh7 13. Bxg4 Nf6 14. Be2 e5
15. dxe5 dxe5 16. Rac1 Rac8 17. Nhf3 Rfe8 18. c4 e4 19. Nd4 Qa5 20. Rfd1 Qa6
21. c5 Qa5 22. h4 Rxc5 23. Rxc5 Qxc5 24. Qxb7 a5 25. N2b3 Qb4 26. Bb5 a4 27.
Nc1 Qxb2 28. Qc6 Bg6 29. Bxa4 Bh5 30. Rf1 Kh7 31. Qc5 Rd8 32. Qc7 Ra8 33. Qc6
Qb8 34. Bb3 Qd8 35. a4 Ng4 36. f3 Nxe3 37. Re1 1-0

[Event "Tournoi Skype 031B"]
[Site "Skype"]
[Date "????.??.??"]
[Round "4.55"]
[White "Gagnon, Sindy"]
[Black "Maccaferri, Massimo"]
[Result "0-1"]
[WhiteElo "1000"]
[BlackElo "1052"]
[PlyCount "40"]

1. d4 d6 2. e3 e6 3. Nc3 Be7 4. Nf3 Bd7 5. Bd3 Nc6 6. O-O g5 7. h3 Nf6 8. b3 h5
9. Bb2 g4 10. hxg4 hxg4 11. g3 Nd5 12. Nxd5 exd5 13. Nd2 Bh4 14. Re1 Qf6 15.
Kf1 O-O-O 16. e4 Rh6 17. Qe2 Bxg3 18. Rec1 Rh1+ 19. Kg2 Rh2+ 20. Kg1 Rxf2 0-1

[Event "Tournoi Skype 031B"]
[Site "Skype"]
[Date "????.??.??"]
[Round "4.56"]
[White "Schllosser, Marcos Antonio"]
[Black "Ibanez, Bittor"]
[Result "0-1"]
[WhiteElo "1000"]
[BlackElo "1047"]
[PlyCount "46"]

1. e4 c5 2. Nf3 e6 3. d3 d6 4. c4 Nf6 5. Nbd2 Be7 6. g3 Nc6 7. Bg2 e5 8. O-O
Bg4 9. Qe2 Nd4 10. Qe3 Nc2 11. Qe2 Nxa1 12. h3 Bh5 13. g4 Nxg4 14. hxg4 Bxg4
15. b3 Nc2 16. Bb2 Qd7 17. Rc1 Bh3 18. Bxh3 Qxh3 19. Rxc2 Qg4+ 20. Kh2 h5 21.
a4 h4 22. d4 h3 23. Kh1 Qg2# 0-1

[Event "Tournoi Skype 031B"]
[Site "Skype"]
[Date "????.??.??"]
[Round "4.58"]
[White "Mgwevela, Luzuko"]
[Black "Grib, Jessica"]
[Result "0-1"]
[WhiteElo "1000"]
[BlackElo "1012"]
[PlyCount "70"]

1. e4 e5 2. Nf3 Nc6 3. Bc4 Nf6 4. d3 d5 5. exd5 Nxd5 6. Bg5 f6 7. Bd2 Bg4 8. c3
Nb6 9. Bb3 Qxd3 10. h3 Bf5 11. Qe2 Qd6 12. Na3 e4 13. Nd4 Nxd4 14. Qh5+ Bg6 15.
Qg4 f5 16. Qh4 Be7 17. Qg3 Qc5 18. cxd4 Qc6 19. O-O O-O-O 20. Rac1 Qd7 21. Be3
Bd6 22. Nc2 Bxg3 23. fxg3 Rhf8 24. Nb4 Qd6 25. a3 Qxg3 26. Be6+ Kb8 27. Bf2 Qd6
28. d5 f4 29. Bxb6 Qxb6+ 30. Kh2 Qe3 31. a4 f3 32. gxf3 Qe2+ 33. Kh1 exf3 34.
h4 Bh5 35. a5 Qg2# 0-1

[Event "Tournoi Skype 031B"]
[Site "Skype"]
[Date "????.??.??"]
[Round "4.59"]
[White "Marroquin Mayhua, Silvia"]
[Black "Santa Cruz, Oscar Ruben"]
[Result "1-0"]
[WhiteElo "1000"]
[BlackElo "1000"]
[PlyCount "69"]

1. d4 d5 2. Bf4 Nf6 3. Nc3 e6 4. Nf3 c5 5. e3 a6 6. Be2 Be7 7. h3 b5 8. a3 Bb7
9. Ne5 O-O 10. Bf3 Nbd7 11. O-O Nxe5 12. dxe5 Ne4 13. Nxe4 dxe4 14. Qxd8 Raxd8
15. Bg4 a5 16. Rad1 c4 17. Rxd8 Rxd8 18. c3 Rd2 19. Bg3 Rxb2 20. Rd1 Rb3 21. f3
Rxc3 22. Rd7 Rc1+ 23. Kf2 Bc5 24. Rxb7 Rc2+ 25. Kf1 Bxe3 26. fxe4 h6 27. Rxb5
c3 28. Rb8+ Kh7 29. Rb7 Rc1+ 30. Ke2 Bd4 31. Rxf7 c2 32. Kd3 Bc5 33. Bxe6 Kg6
34. Rf5 Bxa3 35. Bb3 1-0

[Event "Tournoi Skype 031B"]
[Site "Skype"]
[Date "????.??.??"]
[Round "4.62"]
[White "Micocci, Lucia"]
[Black "Barrera Mendoza, Carlos"]
[Result "0-1"]
[WhiteElo "1000"]
[BlackElo "1240"]
[PlyCount "44"]

1. e4 e5 2. Nf3 Nc6 3. Bc4 Nf6 4. d3 a6 5. Nc3 Na5 6. Nxe5 Nxc4 7. Nxc4 d6 8.
Bf4 Be7 9. O-O O-O 10. Re1 Be6 11. e5 dxe5 12. Nxe5 h6 13. Ne2 Nd5 14. Bg3 Bf6
15. c4 Nb6 16. Qb3 Nd7 17. Qxb7 Nxe5 18. d4 Nxc4 19. Bxc7 Qd7 20. Rac1 Bd5 21.
b3 Bxb7 22. bxc4 Qxc7 0-1

[Event "Tournoi Skype 031B"]
[Site "Skype"]
[Date "????.??.??"]
[Round "4.65"]
[White "Rodgerson, Michael"]
[Black "Bondone, Silvestre"]
[Result "0-1"]
[WhiteElo "1000"]
[BlackElo "1000"]
[PlyCount "34"]

1. d4 e6 2. Nf3 b6 3. e3 g6 4. Bd3 Bb7 5. O-O Bg7 6. Nbd2 Ne7 7. c3 Nbc6 8. Qc2
Nf5 9. b3 Qe7 10. Bb2 Bh6 11. Rac1 Nxe3 12. Qb1 Bf4 13. Rfe1 Ng4 14. Re2 Qd6
15. Ne4 Bxh2+ 16. Nxh2 Qxh2+ 17. Kf1 Qh1# 0-1

[Event "Tournoi Skype 031B"]
[Site "Skype"]
[Date "????.??.??"]
[Round "4.66"]
[White "Carias, Nancy"]
[Black "Fuentes, Francisco"]
[Result "0-1"]
[WhiteElo "1000"]
[BlackElo "1000"]
[PlyCount "52"]

1. d4 e6 2. f4 d5 3. c3 Bd6 4. Nf3 c6 5. e3 Nf6 6. Bd3 O-O 7. O-O Nbd7 8. Ng5
h6 9. Ne4 dxe4 10. Bxe4 Nxe4 11. Rf3 Ndf6 12. Nd2 Ng5 13. fxg5 hxg5 14. Rh3 g4
15. Qxg4 Nxg4 16. Nf3 e5 17. Bd2 e4 18. Ne1 b5 19. Nc2 Qc7 20. Rf1 Bxh2+ 21.
Kh1 Bg3 22. Rf3 Nf2+ 23. Rxf2 Bxf2 24. Nb4 Bxh3 25. gxh3 Qg3 26. Nd3 Qg1# 0-1

[Event "Tournoi Skype 031B"]
[Site "Skype"]
[Date "????.??.??"]
[Round "5.1"]
[White "Roy, Shambhu Kumar"]
[Black "Nicolini, Francesco"]
[Result "0-1"]
[WhiteElo "1341"]
[BlackElo "1165"]
[PlyCount "102"]

1. e4 c6 2. d4 d5 3. Nc3 Nf6 4. Bd3 dxe4 5. Bxe4 Nxe4 6. Nxe4 Qd5 7. f3 Bf5 8.
Nc3 Qe6+ 9. Nge2 Qg6 10. Nf4 Qd6 11. Be3 Nd7 12. Ne4 Bxe4 13. fxe4 Qb4+ 14. Kf2
Nf6 15. Kf3 O-O-O 16. Nd3 Qb5 17. e5 Nd5 18. Bf2 e6 19. Qc1 Qa6 20. c4 Nc7 21.
b4 b5 22. c5 Nd5 23. Qc2 Qa3 24. Rhb1 g5 25. Rb3 Qa6 26. Qb2 Qb7 27. a4 Nc7 28.
Be3 h6 29. Nf2 Rg8 30. Ne4 Be7 31. Nd6+ Bxd6 32. exd6 Nd5 33. Rba3 f5 34. Bd2
a6 35. Kf2 Nf4 36. g3 Rg6 37. axb5 cxb5 38. Rf3 Nh3+ 39. Ke2 Qe4+ 40. Be3 Nf4+
41. gxf4 gxf4 42. Rxf4 Rg2+ 43. Rf2 Rdg8 44. Raf1 f4 45. Kd1 fxe3 46. Rf8+ Rxf8
47. Rxf8+ Kd7 48. Rf7+ Ke8 49. Re7+ Kd8 50. Qa3 Qb1+ 51. Qc1 Rd2+ 0-1

[Event "Tournoi Skype 031B"]
[Site "Skype"]
[Date "????.??.??"]
[Round "5.2"]
[White "Pirola, Gabriele"]
[Black "De Coninck, Philippe"]
[Result "1-0"]
[WhiteElo "1196"]
[BlackElo "1290"]
[PlyCount "75"]

1. Nf3 c6 2. d4 d5 3. g3 Nf6 4. Bg2 e6 5. O-O Nbd7 6. Re1 Be7 7. Nbd2 O-O 8. e4
dxe4 9. Nxe4 Nxe4 10. Rxe4 Nf6 11. Re1 Re8 12. c3 Bd6 13. Qb3 Qc7 14. Bd2 b6
15. Ne5 Bb7 16. Qc4 Rac8 17. Qa4 Qb8 18. Bxc6 Bxc6 19. Nxc6 Qb7 20. Ne5 Bxe5
21. Rxe5 Rc7 22. Bg5 b5 23. Qb3 a6 24. Bxf6 gxf6 25. Rh5 Kg7 26. d5 Kg6 27. Qd1
f5 28. h4 Qxd5 29. Rg5+ Kf6 30. Qxd5 exd5 31. a4 h6 32. Rh5 Rc4 33. Rxh6+ Kg7
34. Rxa6 bxa4 35. R1xa4 Rxa4 36. Rxa4 Re1+ 37. Kg2 Kf6 38. Rd4 1-0

[Event "Tournoi Skype 031B"]
[Site "Skype"]
[Date "????.??.??"]
[Round "5.4"]
[White "Barba Cepeda, Julio Cesar"]
[Black "Cockayne, Curtis"]
[Result "0-1"]
[WhiteElo "1173"]
[BlackElo "1383"]
[PlyCount "106"]

1. e4 e5 2. Nf3 Nc6 3. Bc4 f5 4. Nc3 fxe4 5. Nxe4 d5 6. Bd3 dxe4 7. Bxe4 Nf6 8.
Qe2 Bd6 9. O-O Nxe4 10. Qxe4 O-O 11. h3 Qe8 12. Ng5 Bf5 13. Qd5+ Kh8 14. d3 Rd8
15. Be3 Bb4 16. Qb5 b6 17. a3 Bd6 18. Rae1 e4 19. d4 Nxd4 20. Qxe8 Rfxe8 21.
Nf7+ Kg8 22. Nxd8 Nxc2 23. Re2 Nxe3 24. Rxe3 Rxd8 25. Rc1 Bf4 26. Ree1 Bxc1 27.
Rxc1 c5 28. Kf1 Rd2 29. b4 cxb4 30. axb4 Rb2 31. g4 Bg6 32. Rc8+ Kf7 33. Ra8
Ra2 34. Ke1 h5 35. Kf1 hxg4 36. hxg4 Kf6 37. Rg8 Bf7 38. Rf8 Ke7 39. Rb8 Kf6
40. Rf8 Kg6 41. Ke1 Bc4 42. Re8 Re2+ 43. Kd1 Bd3 44. Rf8 a5 45. bxa5 bxa5 46.
f3 e3 47. Re8 Rd2+ 48. Kc1 Rc2+ 49. Kd1 e2+ 50. Ke1 Rc1+ 51. Kf2 a4 52. Re6+
Kf7 53. Rxe2 Bxe2 0-1

[Event "Tournoi Skype 031B"]
[Site "Skype"]
[Date "????.??.??"]
[Round "5.5"]
[White "Castanha, Marco"]
[Black "Castillo, David"]
[Result "0-1"]
[WhiteElo "1144"]
[BlackElo "1449"]
[PlyCount "106"]

1. e4 c6 2. d4 d5 3. exd5 cxd5 4. c4 Be6 5. Nc3 Nf6 6. Nf3 dxc4 7. Bxc4 Bxc4 8.
Qa4+ Nbd7 9. Qxc4 e6 10. O-O Qc8 11. Qb3 Nb6 12. Bf4 Qc4 13. Qxc4 Nxc4 14. Ne5
Nb6 15. Rad1 Nbd5 16. Nxd5 Nxd5 17. Bg3 Be7 18. Rc1 O-O 19. h4 Rfc8 20. h5 h6
21. Ng4 f5 22. Ne5 Nf6 23. Bh4 Nd5 24. Bxe7 Nxe7 25. Rfe1 Nd5 26. Ng6 Kf7 27.
f3 Nf6 28. Nf4 Rxc1 29. Rxc1 Nd5 30. Nxd5 exd5 31. Rc7+ Kf6 32. Rxb7 Rc8 33.
Rxa7 Rc4 34. Ra6+ Kg5 35. a4 Kxh5 36. a5 Rxd4 37. Rb6 Rc4 38. b4 d4 39. a6 d3
40. Rd6 Rxb4 41. a7 Ra4 42. Rd7 g5 43. Kf2 Ra2+ 44. Ke1 Kh4 45. Rh7 Kg3 46. Rd7
Kxg2 47. Rxd3 Rxa7 48. Re3 Ra6 49. Re5 f4 50. Rxg5+ hxg5 51. Ke2 Ra2+ 52. Kd3
Kxf3 53. Kd4 g4 0-1

[Event "Tournoi Skype 031B"]
[Site "Skype"]
[Date "????.??.??"]
[Round "5.6"]
[White "Franco, Yolima"]
[Black "Quiel, Aristoteles"]
[Result "1-0"]
[WhiteElo "1495"]
[BlackElo "1161"]
[PlyCount "123"]

1. d4 f5 2. g4 fxg4 3. e4 d6 4. Be2 Nf6 5. Nc3 c6 6. Bg5 Qb6 7. Bxf6 gxf6 8.
Na4 Qa5+ 9. c3 b5 10. b4 Qxa4 11. Bxg4 Qxd1+ 12. Bxd1 Nd7 13. Bh5+ Kd8 14. Nf3
e5 15. Rg1 Bh6 16. Nh4 Bg5 17. Nf5 Kc7 18. Ng7 Bb7 19. Ne6+ Kb6 20. a4 a5 21.
Bd1 Rhg8 22. Nxg5 Rxg5 23. Rg3 Rxg3 24. hxg3 exd4 25. cxd4 axb4 26. Kd2 Rxa4
27. Bxa4 bxa4 28. Rxa4 c5 29. f3 Bc6 30. Ra1 cxd4 31. Rh1 Ka5 32. Rxh7 b3 33.
Rh1 Kb4 34. Kc1 Kc3 35. Kb1 d3 36. Rc1+ Kd4 37. Rxc6 Ke3 38. Rxd6 Ne5 39. Rb6
d2 40. Rxb3+ Nd3 41. Kc2 d1=Q+ 42. Kxd1 Kd4 43. Kd2 Ne5 44. g4 Nc4+ 45. Ke2 Ke5
46. Rb5+ Ke6 47. f4 Ke7 48. Kd3 Nd6 49. Rd5 Nc8 50. Kd4 Nb6 51. Rh5 Kf7 52. Kc5
Nd7+ 53. Kd6 Nf8 54. f5 Kg7 55. Ke7 Nh7 56. Rxh7+ Kxh7 57. Kxf6 Kg8 58. e5 Kf8
59. g5 Kg8 60. e6 Kf8 61. g6 Kg8 62. e7 1-0

[Event "Tournoi Skype 031B"]
[Site "Skype"]
[Date "????.??.??"]
[Round "5.7"]
[White "Rosenkoetter, David"]
[Black "Duthoit, Bernard"]
[Result "0-1"]
[WhiteElo "1169"]
[BlackElo "1320"]
[PlyCount "66"]

1. e4 e6 2. d4 d5 3. Nd2 c5 4. Ngf3 cxd4 5. Nxd4 Nc6 6. N4f3 Bb4 7. c3 Ba5 8.
Bb5 Bd7 9. exd5 exd5 10. O-O a6 11. Re1+ Nge7 12. Ba4 O-O 13. Bc2 Bg4 14. h3
Bh5 15. Nf1 Re8 16. Ng3 Bxf3 17. Qxf3 d4 18. Ne4 Nd5 19. Bg5 Qb6 20. Qg3 Qxb2
21. Nf6+ Nxf6 22. Bxf6 g6 23. Rac1 Rxe1+ 24. Rxe1 Qxc2 25. h4 Qxc3 26. Re4 Qxg3
27. fxg3 d3 28. Rg4 d2 29. Kh2 d1=Q 30. Rf4 Re8 31. g4 Re1 32. Rf3 Bc7+ 33. g3
Qxf3 0-1

[Event "Tournoi Skype 031B"]
[Site "Skype"]
[Date "????.??.??"]
[Round "5.8"]
[White "Mira Poveda, Jose Antonio"]
[Black "Ponz Lazaro, Ruperto"]
[Result "0-1"]
[WhiteElo "1154"]
[BlackElo "1312"]
[PlyCount "68"]

1. e4 d5 2. exd5 Qxd5 3. Nc3 Qd6 4. d4 Nf6 5. Nf3 Bg4 6. Be2 Nc6 7. Be3 e6 8.
O-O Be7 9. Nb5 Qd7 10. Bf4 Nd5 11. Ne5 Nxe5 12. Bxe5 Bxe2 13. Qxe2 f6 14. Bg3
a6 15. Nc3 Nb6 16. Rad1 c6 17. b3 O-O 18. Qe3 Nd5 19. Nxd5 cxd5 20. c4 Bd6 21.
cxd5 Bxg3 22. Qxg3 Qxd5 23. Rfe1 Rfe8 24. h4 Rac8 25. Qd3 Rc6 26. Re4 Rec8 27.
g4 Rc3 28. Qe2 Rc2 29. Qd3 R8c3 30. Qf1 Qxe4 31. Re1 Qxe1 32. Qxe1 Rc1 33. Qxc1
Rxc1+ 34. Kg2 Rc2 0-1